Sanat - "Joulun tarina" - Kari Tapio - Statistics

Yleistilastot
  • Tätä visaa on pelattu 6 kertaa
  • Keskiarvotulos 64 / 173
Vastaustilastot
Vastaus % Oikein
jo
100%
ja
67%
joulun
67%
kaikkein
67%
kauneimman
67%
kun
67%
kuulla
67%
67%
näin
67%
Nyt
67%
nyt
67%
on
67%
sen
67%
Tahdon
67%
tahdon
67%
tähti
67%
tarinan
67%
tarinoista
67%
äänen
33%
aikaa
33%
aikaan
33%
äiti
33%
elin
33%
enkelin
33%
evankeliumin
33%
haki
33%
hämärään
33%
hanki
33%
harras
33%
hartauden
33%
hetken
33%
hohti
33%
Ilta
33%
iltaruokailun
33%
jäivät
33%
jälkeen
33%
Jeesuksen
33%
Jeesuslapsen
33%
kiireet
33%
koko
33%
kuulijan
33%
kuuntelimme
33%
lapsuusjoulujen
33%
loisti
33%
luokse
33%
marian
33%
Marian
33%
mieli
33%
muistan
33%
neitsyt
33%
päässyt
33%
paimenet
33%
perheraamatun
33%
poika
33%
raamattua
33%
saapuvan
33%
seimessään
33%
selailen
33%
silloin
33%
syntyi
33%
tahdoin
33%
tallin
33%
täytti
33%
tummui
33%
tunsin
33%
tutun
33%
unelmoin
33%
vaieten
33%
valkoinen
33%
vanhan
33%
voin
33%
yksin
33%
äidin
0%
etsin
0%
haikein
0%
helmi
0%
ilman
0%
jää
0%
kirkas
0%
kyynel
0%
lukijaa
0%
melkein
0%
mielin
0%
muistot
0%
niinkuin
0%
raamatulle
0%
siunaavan
0%
tavoitan
0%
toivon
0%
tunnelmaa
0%
vierähtää
0%
vievät
0%
Ehtoja vastaavia visoja ei löytynyt
Tulosjakauma
Jokaisen tuloksen saaneiden osuus
Persentiili vastausten määrän mukaan
Tuloshistoriasi
Et ole pelannut tätä visaa